KelcomInfo odborný časopis spoločnosti Kelcom International Liptovský Mikuláš

Bibliographic Details
New Title:Quadriqinfo
Other Authors: Pivko, Dušan (Publishing director), Šintaj, Pavel (Publishing director)
Format: Serial
Language:Slovak
Published: Liptovský Mikuláš Kelcom International 1999-2006
Subjects:

MARC

LEADER 00000nas a2200000 a 4500
001 vtls008688624
003 SK-MaSNL
005 20260228155845.0
008 060405d19992006xo ur 0 b0slo d
035 |a (SVKBB03)vtls000064994 
040 |a SVKPO  |b slo  |c SVKPO  |d SVKBB  |d SNK  |e AACR2 
041 0 |a slo 
044 |a xo  |c SK 
072 7 |a 62  |x Technika všeobecne  |2 konspekt 
080 |a 681.5  |2 2001 
080 |a 654.9  |2 2001 
080 |a 621.316  |2 2001 
080 |a 351.74  |2 2001 
080 |a 050  |2 2001 
245 0 0 |a KelcomInfo  |b odborný časopis spoločnosti Kelcom International Liptovský Mikuláš 
260 |a Liptovský Mikuláš  |b Kelcom International  |c 1999-2006 
300 |a 8 zv.  |c 27 cm 
310 |a 4x ročne  |b 2003-2004, 2006 
321 |a 3x ročne  |b 2002, 2005 
362 0 |a Roč. 1, č. 1 (1999)-roč. 8, č. 2 (2006) 
500 |a Registračné č. MK SR 2198/99 
500 |a Šéfredaktor: 1999-2005, Dušan Pivko; 2006, Pavel Šintaj 
650 0 7 |a zabezpečovacia technika  |2 SNKPH  |9 29322 
650 0 7 |a bezpečnostné systémy  |2 SNKPH  |9 78869 
650 0 7 |a osobná bezpečnosť  |2 SNKPH  |9 4159 
650 0 7 |a ochrana majetku  |2 SNKPH  |9 3724 
655 7 |a špecializované časopisy  |2 SNKPH  |9 70509 
700 1 |a Pivko, Dušan  |4 pbd  |9 265474 
700 1 |a Šintaj, Pavel  |4 pbd  |9 265475 
710 2 |a Kelcom International (Liptovský Mikuláš, Slovensko)  |4 pbl  |9 265476 
785 0 2 |t Quadriqinfo  |w vtls009295349 
856 4 |a http://www.kelcom.sk 
910 |a svkpo 
910 |a snk 
916 |a 2002-2006 
958 |a OND 
999 |c 752  |d 752 
952 |0 0  |1 0  |4 0  |7 0  |8 0  |a SNK  |b SNK  |d 2014-03-26  |f 1  |i snk2014/7881  |l 0  |o snkČSB 5880/4/2002  |p 17A1087799  |r 2026-02-21 20:51:15  |t č. 1-3  |w 2026-02-21  |y PREZ 
952 |0 0  |1 0  |4 0  |7 0  |8 0  |a SNK  |b SNK  |d 2014-03-26  |i snk2014/7882  |l 0  |o snkČSB 5880/4/2002 D1  |p 17A1087800  |r 2026-02-21 20:51:15  |t č. 1-3  |w 2026-02-21  |y PREZ 
952 |0 0  |1 0  |4 0  |7 0  |8 0  |a SNK  |b SNK  |d 2014-03-26  |f 1  |i snk2014/7886  |l 0  |o snkČSB 5880/5/2003  |p 17A1087801  |r 2026-02-21 20:51:15  |t č. 1-4  |w 2026-02-21  |y PREZ 
952 |0 0  |1 0  |4 0  |7 0  |8 0  |a SNK  |b SNK  |d 2014-03-26  |i snk2014/7887  |l 0  |o snkČSB 5880/5/2003 D1  |p 17A1087802  |r 2026-02-21 20:51:15  |t č. 1-4  |w 2026-02-21  |y PREZ 
952 |0 0  |1 0  |4 0  |7 0  |8 0  |a SNK  |b SNK  |d 2014-03-26  |f 1  |i snk2014/7888  |l 0  |o snkČSB 5880/6/2004  |p 17A1087803  |r 2026-02-21 20:51:15  |t č. 1-4  |w 2026-02-21  |y PREZ 
952 |0 0  |1 0  |4 0  |7 0  |8 0  |a SNK  |b SNK  |d 2014-03-26  |i snk2014/7891  |l 0  |o snkČSB 5880/6/2004 D1  |p 17A1087804  |r 2026-02-21 20:51:15  |t č. 1-4  |w 2026-02-21  |y PREZ 
952 |0 0  |1 0  |4 0  |7 0  |8 0  |a SNK  |b SNK  |d 2014-03-26  |f 1  |i snk2014/7892  |l 0  |o snkČSB 5880/7/2005  |p 17A1087805  |r 2026-02-21 20:51:15  |t č. 1-3  |w 2026-02-21  |y PREZ 
952 |0 0  |1 0  |4 0  |7 0  |8 0  |a SNK  |b SNK  |d 2014-03-26  |i snk2014/7895  |l 0  |o snkČSB 5880/7/2005 D1  |p 17A1087806  |r 2026-02-21 20:51:15  |t č. 1-3  |w 2026-02-21  |y PREZ 
952 |0 0  |1 0  |4 0  |7 0  |8 0  |a SNK  |b SNK  |d 2014-03-26  |f 1  |i snk2014/7899  |l 0  |o snkČSB 5880/8/2006  |p 17A1087807  |r 2026-02-21 20:51:15  |t č. 1-2, neúplné  |w 2026-02-21  |y PREZ  |z chýba č. 2 
952 |0 0  |1 0  |4 0  |7 0  |8 0  |a SNK  |b SNK  |d 2014-03-26  |i snk2014/7900  |l 0  |o snkČSB 5880/8/2006 D1  |p 17A1087808  |r 2026-02-21 20:51:15  |t č. 1-2, neúplné  |w 2026-02-21  |y PREZ  |z chýba č. 2